Online Catalogue and eLibrary

Hanoi : (Record no. 3487)

MARC details
000 -LEADER
fixed length control field 00364nam a2200157Ia 4500
005 - DATE AND TIME OF LATEST TRANSACTION
control field 20250106015438.0
008 - FIXED-LENGTH DATA ELEMENTS--GENERAL INFORMATION
fixed length control field 240331s9999 xx 000 0 und d
082 ## - DDC Classification
Item Number - Author Mark VIE
Class No. 959.7
100 ## - MAIN ENTRY--PERSONAL NAME
Personal name Vien.N.K
245 #0 - TITLE STATEMENT
Title Hanoi :
Remainder of title Vietnamese studies
260 ## - PUBLICATION, DISTRIBUTION, ETC.
Place of publication, distribution, etc. Hanoi
Name of publisher, distributor, etc. Xunhasaba
Date of publication, distribution, etc. 1977
300 ## - PHYSICAL DESCRIPTION
Extent (e.g. Volumes, Pages etc.) 180 P .,
650 ## - SUBJECT ADDED ENTRY--TOPICAL TERM
Topical term or geographic name entry element Political
650 ## - SUBJECT ADDED ENTRY--TOPICAL TERM
Topical term or geographic name entry element Cultural
942 ## - Koha item type (Biblio)
Koha item type Books in Stacks (Lending)
Holdings
Lost status Damaged status Collection code Home library Current library Shelving location Date acquired Full call number Accession Number Item type
    Lending WERC Library WERC Library Social Science Cupboard 03/31/2024 959.7 VIE 229 Books in Stacks (Lending)

© WERC Library